000 00425nam a2200169Ia 4500
008 230524s9999 xx 000 0 und d
082 _a612
_bGOD
100 _aPraful B.Godkar
245 0 _aText Book of Medical Laboratory Technology
250 _a2ND
260 _aMUMBAI
_bBhalani
_c2007
300 _aXXXIV1031
500 _aQuantity Number: 2
650 _aBiomedical
700 _a Darshan P.Godkar
942 _cBK
999 _c38153
_d38153